000
00307nam a2200133Ia 4500
008
240112s1974 JULY-DEC xx 000 0 und d
041
_a
eng
082
_a
617.05
100
_a
MOSER R.H.
245
_a
ARCHIVES OF SURGERY
260
_b
A.M.A
_c
1974 JULY-DEC
300
_a
864,HB
440
_v
109
999
_c
1141689
_d
1141689